| LEADER |
01004nam0a2200253 450 |
| 001 |
16862252 |
| 010 |
|
|
|a 978-2-302-07896-3
|b rel.
|d 15,5
|
| 100 |
|
|
|a 20231230d2026 u u0frey01 ba
|
| 101 |
0 |
|
|a fre
|
| 102 |
|
|
|a FR
|
| 200 |
0 |
|
|a Cap sur l'Afrique
|f Girard, Omont, Neyret
|
| 207 |
|
1 |
|a
|
| 210 |
|
|
|a Toulon
|c Soleil
|d imp. 2022
|
| 215 |
|
|
|a 1 vol. (56 p.)
|c ill. en coul.
|d 30 cm
|
| 225 |
1 |
|
|a Lulu et Nelson
|v 1
|
| 300 |
|
|
|a Série en 3 tomes. Tomaison.
|
| 330 |
|
|
|a Fille de dompteurs de lions, Lulu fugue jusquen Afrique pour sa passion. Elle y découvre lapartheid et se lie damitié avec un jeune noir de son âge. Liberté, amitié, grand voyage et grands félins.
|
| 461 |
|
0 |
|t Lulu et Nelson
|v 1
|
| 700 |
|
0 |
|a Girard
|b Charlotte
|f 1973-....
|4 70
|
| 701 |
|
0 |
|a Omont
|b Jean-Marie
|4 70
|
| 701 |
|
0 |
|a Neyret
|b Aurélie
|f 1983-....
|4 70
|
| 900 |
|
|
|a Bande Dessinée (enfants)
|
| 901 |
|
|
|a Jeunesse
|
| 995 |
|
|
|a Médiathèque
|c Médiathèque
|f 089019926
|h 089019926
|k BD LUL 1
|o p
|q j
|r az
|e Médiathèque
|